Stochastic partial differential equations : (Record no. 16384)

MARC details
000 -LEADER
fixed length control field 01298cam a2200325 i 4500
001 - CONTROL NUMBER
control field 15936299
003 - CONTROL NUMBER IDENTIFIER
control field EG-ScBUE
005 - DATE AND TIME OF LATEST TRANSACTION
control field 20241107092252.0
008 - FIXED-LENGTH DATA ELEMENTS--GENERAL INFORMATION
fixed length control field 091008s2010 nyua f b 001 0 eng d
020 ## - INTERNATIONAL STANDARD BOOK NUMBER
International Standard Book Number 9780387894874 (pbk.)
020 ## - INTERNATIONAL STANDARD BOOK NUMBER
International Standard Book Number 038789487X (pbk.)
040 ## - CATALOGING SOURCE
Original cataloging agency UKM
Language of cataloging eng
Description conventions rda
Transcribing agency UKM
Modifying agency BTCTA
-- BWX
-- YDXCP
-- OHX
-- CDX
-- MUU
-- DEBBG
-- DLC
-- EG-ScBUE
082 04 - DEWEY DECIMAL CLASSIFICATION NUMBER
Classification number 519.22
Edition number 22
Item number STO
245 00 - TITLE STATEMENT
Title Stochastic partial differential equations :
Remainder of title a modeling, white noise functional approach /
Statement of responsibility, etc Helge Holden [and three others]
250 ## - EDITION STATEMENT
Edition statement Second edition.
264 #1 - PUBLICATION, DISTRIBUTION, ETC. (IMPRINT)
Place of publication, distribution, etc London ;
-- New York :
Name of publisher, distributor, etc Springer,
Date of publication, distribution, etc 2010.
300 ## - PHYSICAL DESCRIPTION
Extent xv, 304 pages ;
Other physical details illustrations ;
Dimensions 24 cm.
336 ## - CONTENT TYPE
Source rdacontent
Content type term text
Content type code txt
337 ## - MEDIA TYPE
Media type term unmediated
Source rdamedia
Media type code n
338 ## - CARRIER TYPE
Carrier type term volume
Carrier type code nc
Source rdacarrier
490 0# - SERIES STATEMENT
Series statement Universitext
500 ## - GENERAL NOTE
General note Earlier edition published in 1996 by Birkhauser Boston.
504 ## - BIBLIOGRAPHY, ETC. NOTE
Bibliography, etc Includes bibliographical references and index.
650 #7 - SUBJECT ADDED ENTRY--TOPICAL TERM
Topical term or geographic name as entry element Stochastic partial differential equations.
Source of heading or term BUEsh
9 (RLIN) 28603
653 ## - INDEX TERM--UNCONTROLLED
Arrived date list February2012
655 ## - INDEX TERM--GENRE/FORM
Form subdivision Reading book
700 1# - ADDED ENTRY--PERSONAL NAME
Personal name Holden, H.
Fuller form of name (Helge),
Dates associated with a name 1956-
Relator term author.
9 (RLIN) 28605
942 ## - ADDED ENTRY ELEMENTS (KOHA)
Source of classification or shelving scheme Dewey Decimal Classification
Koha item type Book - Borrowing
Holdings
Withdrawn status Lost status Source of classification or shelving scheme Damaged status Not for loan Collection code Home library Current library Shelving location Date acquired Source of acquisition Cost, normal purchase price Serial Enumeration / chronology Total Checkouts Full call number Barcode Date last seen Date checked out Price effective from Koha item type
    Dewey Decimal Classification     Osiris Central Library Central Library First floor 05/02/2012 Purchase 569.00 11640 1 519.22 STO 000025986 15/07/2025 17/04/2012 05/02/2012 Book - Borrowing